| 000 | 00635nam a2200217 i 4500 | ||
|---|---|---|---|
| 001 | 20353 | ||
| 003 | ES-MaACL | ||
| 005 | 20230906152301.0 | ||
| 007 | t| | ||
| 008 | 190719s1934 fr |||| | fre d | ||
| 100 | 1 |
_aWelzl, Jan ( _d1868-1948) _9167565 |
|
| 245 | 1 | 3 |
_aLa vie des esquimaux / _cIan Welzl ; traduit du tchèque par J. Gagnaire. |
| 260 |
_aParis : _bGallimard, _c1934. |
||
| 300 |
_a186 p., 15 lám. ; _c23 cm. |
||
| 490 | 1 | _aGéographie humaine | |
| 650 | 4 |
_aInuit. _9146693 |
|
| 700 | 1 |
_aGagnaire, Joseph. _9167566 |
|
| 830 | 0 |
_aGéographie humaine _9183335 |
|
| 852 |
_aES-MaACL _jP-709-4 |
||
| 999 |
_c20353 _d20353 |
||